000 004950000a22001930004500
001 003603
003 MACL
005 20150705132305.0
008 150705b xxu||||| |||| 00| 0 eng d
040 _aMACL
_cMACL
041 _aEnglish
082 _a303.625/GAU
100 _aGaur, Mahendra
_9805
245 _aTerrorism And Human Rights
_cMahendra Gaur
260 _aNew Delhi
_c2003
_bForeign Policy Research Center,
350 _a395
650 _aSocial Science
_929
942 _k304
_cBK
_2ddc
999 _c15501
_d15501